000 00380nam a2200157Ia 4500
008 210210b1925 xxu||||| |||| 00| 0 eng d
041 _aeng
082 _a822/1149
100 _aSTEVENSON (R L)
245 _aVirginibus puerisque
260 _aLondon
_bMacmillan & Co. Ltd.
_c1925
650 _aVirginibus
650 _apuerisque
690 _aEnglish Prose
906 _a013331
999 _c132196
_d132196